000 00472nam a2200157 4500
020 _aSN
050 _aTP155.7 F67 1970
082 _a660.2842 F653p
100 _aFoust Alan S.
245 _aPrincipios de operaciones unitarias / Alan S.Foust
250 _a1 / reimp. 1974
260 _aMexico : Continental
300 _a687 p / 35 cm.
650 _a1. OPERACIONES UNITARIAS
700 _al. Wenzel Leonard A., ll. Clump Curtis W., lll. Maus Louis,lv.Andersen L. Bryce
999 _c24069
_d24069